| 000 | 00844nam a2200217 u 4500 | ||
|---|---|---|---|
| 001 | 000341170 | ||
| 003 | AM-YeHGA | ||
| 005 | 20250617131052.0 | ||
| 008 | 031008s1974 ai r 000 0 arm d | ||
| 040 | _aAM-YeHGA | ||
| 041 | 0 | _aarm | |
| 100 | 1 | _aԶաքարյան, Գ.Գ. | |
| 245 | 1 | 0 |
_aՄարդու երիզորդային հիվանդությունները / _cԳ.Գ. Զաքարյան, Ս.Մ. Ղազանչյան; ՀՍՍՀ Առողջապահ. մինիստր. |
| 260 |
_aԵրևան : _bՀայաստան, _c1974. |
||
| 300 |
_a16 էջ : _bնկ. ; _c20 սմ. |
||
| 650 | 1 | 4 | _aՊարազիտային հիվանդություններ |
| 650 | 1 | 4 | _aԵրիզորդային հիվանդություն |
| 700 | 1 | _aՂազանչյան, Ս.Մ. | |
| 710 | 2 | _aՀՍՍՀ Առողջապահության մինիստրություն | |
| 090 | _c130823 | ||
| 999 |
_c129459 _d129459 |
||